MARC details
| 000 -LEADER |
| campo de control de longitud fija |
01604nam a2200361 i 4500 |
| 001 - NÚMERO DE CONTROL |
| campo de control |
195429 |
| 003 - IDENTIFICADOR DE NÚMERO DE CONTROL |
| campo de control |
SpMaBN |
| 005 - FECHA Y HORA DE LA ÚLTIMA TRANSACCIÓN |
| campo de control |
20251120135513.0 |
| 007 - CAMPO FIJO DE DESCRIPCIÓN FÍSICA--INFORMACIÓN GENERAL |
| campo de control de longitud fija |
ta |
| 008 - DATOS DE LONGITUD FIJA--INFORMACIÓN GENERAL |
| campo de control de longitud fija |
240611s1868 sp | |||| 000 d spa |
| 035 ## - NÚMERO DE CONTROL DEL SISTEMA |
| Número de control de sistema |
a7168161 |
| 040 ## - FUENTE DE CATALOGACIÓN |
| Centro catalogador/agencia de origen |
SpMaBN |
| Lengua de catalogación |
spa |
| Centro/agencia transcriptor |
SpMaBN |
| Normas de descripción |
rda |
| Centro/agencia modificador |
ES-MaACL |
| 080 ## - NÚMERO DE LA CLASIFICACIÓN DECIMAL UNIVERSAL |
| Número de la Clasificación Decimal Universal |
821.134.2-2"18" |
| 100 1# - ENTRADA PRINCIPAL--NOMBRE DE PERSONA |
| Nombre de persona |
Santa Ana, Manuel María de, |
| Fechas asociadas al nombre |
1820-1894 |
| 9 (RLIN) |
132421 |
| Término indicativo de función/relación |
Autor |
| 245 13 - MENCIÓN DEL TÍTULO |
| Título |
El dos de mayo : |
| Resto del título |
drama en tres actos y en verso / |
| Mención de responsabilidad, etc. |
original de los señores D. Manuel Santana, don Francisco de Paula Montemar y D. Ceferino Suárez Brabo. |
| 264 #1 - PRODUCCIÓN, PUBLICACIÓN, DISTRIBUCIÓN, FABRICACIÓN Y COPYRIGHT |
| Producción, publicación, distribución, fabricación y copyright |
[Salamanca] : |
| Nombre del de productor, editor, distribuidor, fabricante |
Círculo Literario Comercial, |
| Fecha de producción, publicación, distribución, fabricación o copyright |
[1868] |
| 264 #3 - PRODUCCIÓN, PUBLICACIÓN, DISTRIBUCIÓN, FABRICACIÓN Y COPYRIGHT |
| Producción, publicación, distribución, fabricación y copyright |
Salamanca : |
| Nombre del de productor, editor, distribuidor, fabricante |
Establecimiento Tipográfico del Hospicio, |
| Fecha de producción, publicación, distribución, fabricación o copyright |
1868 |
| 300 ## - DESCRIPCIÓN FÍSICA |
| Extensión |
78 páginas ; |
| Dimensiones |
21 cm |
| 300 ## - DESCRIPCIÓN FÍSICA |
| Extensión |
1 CD-ROM |
| 336 ## - TIPO DE CONTENIDO |
| Término de tipo de contenido |
Texto |
| Fuente |
rdacontent |
| 337 ## - TIPO DE MEDIO |
| Nombre/término del tipo de medio |
sin mediación |
| Fuente |
rdamedia |
| 338 ## - TIPO DE SOPORTE |
| Nombre/término del tipo de soporte |
volumen |
| Fuente |
rdacarrier |
| 490 1# - MENCIÓN DE SERIE |
| Mención de serie |
La España dramática ; |
| Designación de volumen o secuencia |
n.º 84 |
| 655 #0 - TERMINO DE INDIZACIÓN--GENERO/FORMA |
| Datos o término principal de género/forma |
Teatro |
| 9 (RLIN) |
234794 |
| 700 1# - ENTRADA AGREGADA--NOMBRE PERSONAL |
| Nombre de persona |
Montemar, Francisco de Paula, |
| Fechas asociadas al nombre |
1825-1889 |
| 9 (RLIN) |
130091 |
| Término indicativo de función/relación |
Autor |
| 700 2# - ENTRADA AGREGADA--NOMBRE PERSONAL |
| Nombre de persona |
Suárez Bravo, Ceferino, |
| Fechas asociadas al nombre |
1825-1896 |
| Término indicativo de función/relación |
Autor |
| 9 (RLIN) |
132965 |
| 830 ## - PUNTO DE ACCESO ADICIONAL DE SERIE-TÍTULO UNIFORME |
| 9 (RLIN) |
188321 |
| Título uniforme |
La España dramática ; |
| Designación de volumen o secuencia |
84 |
| 852 ## - LOCALIZACIÓN |
| Ubicación |
ES-MaACL |
| Ubicación en estantería |
Rotativo |
| Número de control de estantería |
ROT 6/2/19 |
| itemnumber |
203374 |
| Nota libre |
Copia digitalizada |
| 942 ## - ELEMENTOS DE ENTRADA SECUNDARIOS (KOHA) |
| Suprimir en OPAC |
No |
| Tipo de ítem Koha |
Archivo de ordenador en CD-ROM, CD o disquete |
| 980 ## - EQUIVALENCIA O REFERENCIA-CRUZADA-MENCIÓN DE SERIE--NOMBRE DE PERSONA/TÍTULO [LOCAL, CANADÁ] |
| Títulos y otros términos asociados al nombre |
Canje del |
| Nombre de persona |
Institut del Teatre |
| Fechas asociadas al nombre |
julio de 2022 |
| Nombre de persona |
Artur Sedó i Guichard (1881-1965) |
| -- |
Institut del Teatre (Barcelona) |
| -- |
Encuadernación en rústica |
| -- |
Evaluar |
| Lenguaje de la obra |
Ejemplar intonso |
| Títulos y otros términos asociados al nombre |
20230920 |
| Nombre de persona |
SpMaBN |
| Numeración |
BNMADRID |
| Calificador de atribución |
VC/4330/41 |
| Forma completa/desarrollada del nombre |
Ejemplar con foxing |
| Títulos y otros términos asociados al nombre |
SG_RECOLET |